[Event "43. Olimpiada Batumi 2018 Femenina"]
[Site "Batumi GEO"]
[Date "2018.09.26"]
[Round "3.4"]
[White "Zaritovskaja, Margarita"]
[Black "Saba, Jamal Mohammed Abo "]
[Result "1-0"]
[WhiteElo "1731"]
[BlackElo "1515"]
[PlyCount "73"]
[EventDate "2018.09.24"]
[EventType "team-swiss"]
[EventRounds "11"]
[EventCountry "GEO"]
[SourceTitle "Ajedrez en Madrid"]
[Source "lmi"]
[SourceDate "2018.09.24"]
[WhiteTeam "Sweden"]
[BlackTeam "Iraq"]
[WhiteTeamCountry "SWE"]
[BlackTeamCountry "IRQ"]

1. d4 Nf6 2. Nf3 g6 3. c4 Bg7 4. Nc3 O-O 5. Bg5 d6 6. e4 c5 7. d5 h6 8. Bd2 e5
9. Bd3 Nh5 10. Qc1 g5 11. O-O Nf4 12. Bc2 Qd7 13. Bd1 a6 14. a4 Qe7 15. Ne2 Kh7
16. Ng3 g4 17. Ne1 Qh4 18. Bxf4 exf4 19. Qxf4 Be5 20. Qd2 f5 21. exf5 Bxf5 22.
Bc2 Nd7 23. Nd3 Bd4 24. Nxf5 Rxf5 25. Nf4 Raf8 26. Bxf5+ Rxf5 27. Qd3 Qf6 28.
Ne2 Ne5 29. Qc2 Kh8 30. Ng3 Rg5 31. Kh1 h5 32. Ne4 Qg6 33. Rac1 Rf5 34. Nxd6
Rf6 35. Qxg6 Rxg6 36. Ne4 Nxc4 37. Rxc4 1-0

[Event "43. Olimpiada Batumi 2018 Femenina"]
[Site "Batumi GEO"]
[Date "2018.09.26"]
[Round "3.1"]
[White "Rania, Sbai"]
[Black "Stojanovic, Marija R"]
[Result "0-1"]
[WhiteElo "1893"]
[BlackElo "2113"]
[PlyCount "78"]
[EventDate "2018.09.24"]
[EventType "team-swiss"]
[EventRounds "11"]
[EventCountry "GEO"]
[SourceTitle "Ajedrez en Madrid"]
[Source "lmi"]
[SourceDate "2018.09.24"]
[WhiteTeam "Morocco"]
[BlackTeam "Montenegro"]
[WhiteTeamCountry "MAR"]
[BlackTeamCountry "MNE"]

1. d4 Nf6 2. c4 g6 3. Nc3 Bg7 4. e4 d6 5. Nf3 O-O 6. Be2 e5 7. d5 a5 8. O-O Na6
9. Ne1 Nc5 10. f3 Nh5 11. Nd3 Nxd3 12. Qxd3 Nf4 13. Bxf4 exf4 14. Rab1 Re8 15.
Rfd1 Re5 16. Bf1 Rh5 17. Ne2 Qh4 18. h3 Rg5 19. Qd2 Be5 20. Kh1 Bd7 21. Qe1 Qh5
22. Qf2 f5 23. Ng1 fxe4 24. fxe4 Rf8 25. Nf3 Rg3 26. Rd3 b6 27. Nxe5 Qxe5 28.
Rf3 Qxe4 29. Bd3 Rxf3 30. Qxf3 Qxf3 31. gxf3 Bxh3 32. Re1 Kf7 33. Kh2 Bd7 34.
Bf1 Re8 35. Rxe8 Kxe8 36. Bh3 h5 37. Bxd7+ Kxd7 38. Kh3 g5 39. b3 Ke7 0-1

[Event "43. Olimpiada Batumi 2018 Femenina"]
[Site "Batumi GEO"]
[Date "2018.09.26"]
[Round "3.2"]
[White "Koljevic, Nikolina"]
[Black "Mayar ElIdrissi, Firdaous"]
[Result "1-0"]
[WhiteElo "1898"]
[BlackElo "1797"]
[PlyCount "71"]
[EventDate "2018.09.24"]
[EventType "team-swiss"]
[EventRounds "11"]
[EventCountry "GEO"]
[SourceTitle "Ajedrez en Madrid"]
[Source "lmi"]
[SourceDate "2018.09.24"]
[WhiteTeam "Montenegro"]
[BlackTeam "Morocco"]
[WhiteTeamCountry "MNE"]
[BlackTeamCountry "MAR"]

1. e4 c5 2. Nf3 Nc6 3. Bb5 a6 4. Bxc6 bxc6 5. O-O d5 6. d3 Bg4 7. Nbd2 e6 8. c3
Bd6 9. Qa4 Qc7 10. e5 Be7 11. Qxg4 g6 12. Nb3 h5 13. Qa4 Nh6 14. Qa5 Qxa5 15.
Nxa5 Kd7 16. Be3 Nf5 17. Nb3 h4 18. h3 Rh5 19. Nxc5+ Kc7 20. Nb3 Rg8 21. Nfd4
Ng7 22. f4 c5 23. Nf3 Kc6 24. Nh2 Nf5 25. Ng4 Ng3 26. Rf2 Nf5 27. Re1 Rg7 28.
a4 Rh8 29. Rb1 Rb8 30. Nc1 Bd8 31. b4 cxb4 32. cxb4 g5 33. fxg5 Kd7 34. Nf6+
Kc6 35. b5+ axb5 36. Rc2+ 1-0

[Event "43. Olimpiada Batumi 2018 Femenina"]
[Site "Batumi GEO"]
[Date "2018.09.26"]
[Round "3.3"]
[White "Makhlouf, Ahlam"]
[Black "Rakic, Tijana"]
[Result "1-0"]
[WhiteElo "1408"]
[BlackElo "1651"]
[PlyCount "57"]
[EventDate "2018.09.24"]
[EventType "team-swiss"]
[EventRounds "11"]
[EventCountry "GEO"]
[SourceTitle "Ajedrez en Madrid"]
[Source "lmi"]
[SourceDate "2018.09.24"]
[WhiteTeam "Morocco"]
[BlackTeam "Montenegro"]
[WhiteTeamCountry "MAR"]
[BlackTeamCountry "MNE"]

1. e4 d5 2. exd5 Qxd5 3. c4 Qd6 4. d4 g6 5. Nc3 c6 6. Nf3 Bg7 7. Be3 Nf6 8. Be2
O-O 9. O-O Re8 10. Qd2 Ng4 11. h3 Nxe3 12. fxe3 e5 13. Rad1 e4 14. Ng5 f5 15.
c5 Qg3 16. Bc4+ Kf8 17. Nf7 Be6 18. Nd6 Bxc4 19. Nxc4 Na6 20. Nd6 Re7 21. Ncxe4
Qh4 22. Rf4 Qh5 23. Rdf1 Kg8 24. Nc3 Bh6 25. R4f3 Qg5 26. Re1 Rd8 27. Qf2 b6
28. Nxf5 Rf7 29. Nxh6+ 1-0

[Event "43. Olimpiada Batumi 2018 Femenina"]
[Site "Batumi GEO"]
[Date "2018.09.26"]
[Round "3.4"]
[White "Radosevic, Nevena"]
[Black "Alaoui Belghiti, Chaimaa"]
[Result "1/2-1/2"]
[WhiteElo "1600"]
[BlackElo "1689"]
[PlyCount "62"]
[EventDate "2018.09.24"]
[EventType "team-swiss"]
[EventRounds "11"]
[EventCountry "GEO"]
[SourceTitle "Ajedrez en Madrid"]
[Source "lmi"]
[SourceDate "2018.09.24"]
[WhiteTeam "Montenegro"]
[BlackTeam "Morocco"]
[WhiteTeamCountry "MNE"]
[BlackTeamCountry "MAR"]

1. d4 Nf6 2. c4 e6 3. Nc3 Bb4 4. Qc2 d5 5. e3 O-O 6. Nf3 Nbd7 7. cxd5 exd5 8.
a3 Bxc3+ 9. Qxc3 Ne4 10. Qc2 Ndf6 11. Bd3 Re8 12. O-O Qd6 13. Bd2 c6 14. Bb4
Qc7 15. a4 g6 16. Rac1 Ng4 17. Bd2 Ng5 18. Ne5 Ne4 19. Nxg4 Bxg4 20. f3 Nxd2
21. Qxd2 Bd7 22. b4 Qd6 23. Rc2 Qe6 24. Kf2 Qf6 25. b5 Qh4+ 26. Kg1 Qe7 27. Kf2
Qh4+ 28. Kg1 Qe7 29. Kf2 Qh4+ 30. Kg1 Qe7 31. Kf2 Qh4+ 1/2-1/2

[Event "43. Olimpiada Batumi 2018 Femenina"]
[Site "Batumi GEO"]
[Date "2018.09.26"]
[Round "3.1"]
[White "Caxita, Esperanca"]
[Black "Nazarova, Anastasia"]
[Result "0-1"]
[WhiteElo "1803"]
[BlackElo "2029"]
[PlyCount "86"]
[EventDate "2018.09.24"]
[EventType "team-swiss"]
[EventRounds "11"]
[EventCountry "GEO"]
[SourceTitle "Ajedrez en Madrid"]
[Source "lmi"]
[SourceDate "2018.09.24"]
[WhiteTeam "Angola"]
[BlackTeam "Finland"]
[WhiteTeamCountry "ANG"]
[BlackTeamCountry "FIN"]

1. e4 c5 2. Nf3 Nc6 3. Bb5 g6 4. d4 cxd4 5. Bxc6 dxc6 6. Qxd4 Qxd4 7. Nxd4 Bg7
8. Be3 c5 9. Nb5 Bxb2 10. Nc7+ Kd8 11. Nxa8 Bxa1 12. c3 b6 13. Bf4 f6 14. O-O
Bb7 15. Rd1+ Kc8 16. Nc7 e5 17. Ne6 Ne7 18. Bh6 Re8 19. Na3 Ng8 20. Nxc5 bxc5
21. Be3 Bxc3 22. Nb5 Bd4 23. Nd6+ Kd7 24. Nxb7 Rc8 25. Na5 Ne7 26. Kf1 Nc6 27.
Nb3 Kd6 28. Bc1 Nd8 29. Ba3 Ne6 30. f4 Kc6 31. fxe5 fxe5 32. Rc1 Rf8+ 33. Ke1
Rf4 34. Nd2 Be3 35. Rc2 Bxd2+ 36. Kxd2 Rxe4 37. Kd3 Ra4 38. Bc1 Kd5 39. g3 Nd4
40. Rf2 Rc4 41. Bd2 e4+ 42. Ke3 Nf5+ 43. Ke2 e3 0-1

[Event "43. Olimpiada Batumi 2018 Femenina"]
[Site "Batumi GEO"]
[Date "2018.09.26"]
[Round "3.2"]
[White "Puuska, Heini"]
[Black "Pires, Luzia"]
[Result "0-1"]
[WhiteElo "1961"]
[BlackElo "1729"]
[PlyCount "132"]
[EventDate "2018.09.24"]
[EventType "team-swiss"]
[EventRounds "11"]
[EventCountry "GEO"]
[SourceTitle "Ajedrez en Madrid"]
[Source "lmi"]
[SourceDate "2018.09.24"]
[WhiteTeam "Finland"]
[BlackTeam "Angola"]
[WhiteTeamCountry "FIN"]
[BlackTeamCountry "ANG"]

1. d4 d5 2. Bf4 e6 3. e3 Nf6 4. Nf3 c5 5. c3 h6 6. Bd3 Nc6 7. O-O Qb6 8. Qc1
Be7 9. h3 Bd7 10. Nbd2 Rc8 11. Qb1 cxd4 12. exd4 Na5 13. Re1 Bb5 14. Bc2 Nc4
15. a4 Bd7 16. Nxc4 Rxc4 17. Ne5 Rc8 18. a5 Qd8 19. Nxd7 Nxd7 20. Qd1 Bg5 21.
Bh2 O-O 22. Qd3 g6 23. Rxe6 Rc6 24. Rxc6 bxc6 25. b4 Re8 26. Ba4 Re6 27. f4 Bf6
28. f5 gxf5 29. Qxf5 Qe8 30. Rf1 Bg5 31. Bg3 Rf6 32. Qg4 Rg6 33. Qd1 Qe3+ 34.
Kh2 Qxc3 35. Rf3 Qxb4 36. Be1 Qd6+ 37. Bg3 Qe7 38. Bc2 Rf6 39. Qd3 Nf8 40. h4
Rxf3 41. Qxf3 Bxh4 42. Qg4+ Bg5 43. Qc8 Qf6 44. Qb8 Qxd4 45. Bh7+ Kxh7 46. Qxf8
Qg7 47. Qd6 Qg6 48. Qd7 Qh5+ 49. Kg1 Be3+ 50. Bf2 Qd1+ 51. Kh2 Qh5+ 52. Kg1
Bxf2+ 53. Kxf2 Qh4+ 54. Kg1 Qd4+ 55. Kh1 Qf2 56. Qxc6 Qe1+ 57. Kh2 Qe5+ 58. Kg1
d4 59. Qd7 Qe3+ 60. Kh1 Qf4 61. g3 Qf3+ 62. Kh2 d3 63. Kh3 Kg6 64. Qd6+ f6 65.
Qd8 Qh1+ 66. Kg4 f5+ 0-1

[Event "43. Olimpiada Batumi 2018 Femenina"]
[Site "Batumi GEO"]
[Date "2018.09.26"]
[Round "3.3"]
[White "Junior, Ednasia"]
[Black "Dannenberg, Alia"]
[Result "1/2-1/2"]
[WhiteElo "1725"]
[BlackElo "1926"]
[PlyCount "120"]
[EventDate "2018.09.24"]
[EventType "team-swiss"]
[EventRounds "11"]
[EventCountry "GEO"]
[SourceTitle "Ajedrez en Madrid"]
[Source "lmi"]
[SourceDate "2018.09.24"]
[WhiteTeam "Angola"]
[BlackTeam "Finland"]
[WhiteTeamCountry "ANG"]
[BlackTeamCountry "FIN"]

1. e4 d5 2. exd5 Qxd5 3. Nc3 Qa5 4. Nf3 Nf6 5. Bc4 Bf5 6. d3 e6 7. a3 c6 8. Bf4
Nbd7 9. Qe2 Nb6 10. O-O Nxc4 11. dxc4 Be7 12. b4 Qd8 13. Rfd1 Qc8 14. h3 O-O
15. Nh4 Bg6 16. Nxg6 hxg6 17. Ne4 Nxe4 18. Qxe4 Rd8 19. Rd3 Rxd3 20. cxd3 Qd7
21. Rb1 Rd8 22. Rb3 g5 23. Bd2 Bf6 24. Kf1 Qc7 25. g3 Rd4 26. Qe2 Rd7 27. Qe4
Qd8 28. Ke2 Bd4 29. Qg4 Qf6 30. Qf3 Qe5+ 31. Qe4 Qf6 32. Qf3 Qxf3+ 33. Kxf3 f6
34. g4 Kf7 35. a4 e5 36. a5 Ke6 37. Be3 g6 38. b5 c5 39. Ke2 Rh7 40. a6 b6 41.
Bxd4 exd4 42. Rb1 Rxh3 43. Rg1 Ke5 44. Rg3 Rh1 45. Kf3 f5 46. gxf5 Kxf5 47. Kg2
Rh4 48. Rf3+ Rf4 49. Rh3 Rg4+ 50. Kf1 Rh4 51. Rf3+ Rf4 52. Rh3 g4 53. Rh7 g3
54. Rxa7 Rxf2+ 55. Kg1 Ra2 56. Rf7+ Kg4 57. Rf8 g5 58. Rf6 Ra1+ 59. Kg2 Ra2+
60. Kg1 Ra1+ 1/2-1/2

[Event "43. Olimpiada Batumi 2018 Femenina"]
[Site "Batumi GEO"]
[Date "2018.09.26"]
[Round "3.4"]
[White "Rinne, Heini"]
[Black "Gabriel, Irineia G"]
[Result "1/2-1/2"]
[WhiteElo "1760"]
[BlackElo "1652"]
[PlyCount "101"]
[EventDate "2018.09.24"]
[EventType "team-swiss"]
[EventRounds "11"]
[EventCountry "GEO"]
[SourceTitle "Ajedrez en Madrid"]
[Source "lmi"]
[SourceDate "2018.09.24"]
[WhiteTeam "Finland"]
[BlackTeam "Angola"]
[WhiteTeamCountry "FIN"]
[BlackTeamCountry "ANG"]

1. d4 g6 2. e4 Bg7 3. Nf3 d6 4. Bc4 e6 5. c3 a6 6. O-O b5 7. Bd3 Bb7 8. Bg5 Ne7
9. a4 bxa4 10. Qxa4+ Bc6 11. Qd1 h6 12. Be3 g5 13. Qe2 Bb7 14. h3 O-O 15. Nfd2
e5 16. dxe5 dxe5 17. Na3 a5 18. Nc2 Nbc6 19. Bc5 Qd7 20. Bb5 Rfd8 21. Rfd1 Qc8
22. Ne3 Bf8 23. Bc4 Nb8 24. Qh5 Nd5 25. Nxd5 Bxd5 26. Bxd5 Rxd5 27. exd5 Bxc5
28. Ne4 Bf8 29. Nf6+ Kg7 30. Ng4 Ra6 31. Nxe5 Qf5 32. Qe2 Bd6 33. Nc6 Rb6 34.
Nxb8 Rxb8 35. Qd3 Qe5 36. Qd4 Rxb2 37. Qxe5+ Bxe5 38. Rxa5 Bxc3 39. Rc5 Be5 40.
Rc6 Bd6 41. Rc4 Ra2 42. g3 Ra3 43. Rd2 Ra5 44. Kg2 h5 45. Kf3 f5 46. Ke2 Kf6
47. f4 gxf4 48. gxf4 Ra3 49. Rd3 Ra2+ 50. Kf3 h4 51. Re3 1/2-1/2

[Event "43. Olimpiada Batumi 2018 Femenina"]
[Site "Batumi GEO"]
[Date "2018.09.26"]
[Round "3.1"]
[White "Nasriddinzoda, Marvorii"]
[Black "Gray, Krishna"]
[Result "1-0"]
[WhiteElo "2090"]
[BlackElo "1693"]
[PlyCount "63"]
[EventDate "2018.09.24"]
[EventType "team-swiss"]
[EventRounds "11"]
[EventCountry "GEO"]
[SourceTitle "Ajedrez en Madrid"]
[Source "lmi"]
[SourceDate "2018.09.24"]
[WhiteTeam "Tajikistan"]
[BlackTeam "Jamaica"]
[WhiteTeamCountry "TJK"]
[BlackTeamCountry "JAM"]

1. d4 d5 2. c4 c6 3. cxd5 cxd5 4. Nc3 Nf6 5. Bf4 Nc6 6. e3 Bf5 7. Qb3 Qd7 8.
Nf3 e6 9. Ne5 Qc8 10. Bb5 a6 11. Bxc6+ bxc6 12. Qa4 Rb8 13. Nxc6 Rxb2 14. Rc1
Nd7 15. Ne5 Bb4 16. O-O Ke7 17. Nxd5+ exd5 18. Rxc8 Rxc8 19. Nc6+ Rxc6 20. Qxc6
Rxa2 21. Qxd5 Be6 22. Qg5+ Nf6 23. Rc1 Kf8 24. Qe5 a5 25. Qb8+ Ke7 26. h3 h6
27. e4 g5 28. Bc7 Ne8 29. d5 Nxc7 30. Rxc7+ Bd7 31. e5 Re2 32. Rxd7+ 1-0

[Event "43. Olimpiada Batumi 2018 Femenina"]
[Site "Batumi GEO"]
[Date "2018.09.26"]
[Round "3.2"]
[White "Barrett, Ariel"]
[Black "Antonova, Nadezhda"]
[Result "0-1"]
[WhiteElo "1701"]
[BlackElo "2038"]
[PlyCount "112"]
[EventDate "2018.09.24"]
[EventType "team-swiss"]
[EventRounds "11"]
[EventCountry "GEO"]
[SourceTitle "Ajedrez en Madrid"]
[Source "lmi"]
[SourceDate "2018.09.24"]
[WhiteTeam "Jamaica"]
[BlackTeam "Tajikistan"]
[WhiteTeamCountry "JAM"]
[BlackTeamCountry "TJK"]

1. c4 d6 2. Nc3 e5 3. g3 f5 4. d4 e4 5. Bg2 c6 6. d5 Be7 7. f3 exf3 8. Nxf3 Qb6
9. Qd4 c5 10. Qe3 Nf6 11. O-O Ng4 12. Qd3 O-O 13. h3 Ne5 14. Nxe5 dxe5 15. e4
g6 16. Kh2 Na6 17. a4 Bd7 18. Nb5 Bd6 19. Nxd6 Qxd6 20. Bh6 Rf7 21. Rae1 Nc7
22. Qc3 Re8 23. b4 b6 24. bxc5 bxc5 25. Bc1 Bc8 26. a5 Na6 27. Bb2 Rfe7 28. Rf2
Nb4 29. Ba1 Kf7 30. Rfe2 Ba6 31. exf5 gxf5 32. Rxe5 Rxe5 33. Rxe5 Rxe5 34. Qxe5
Qxe5 35. Bxe5 Bxc4 36. d6 Ke6 37. Bf4 Bd5 38. Bf1 c4 39. g4 fxg4 40. hxg4 Nc6
41. Kg3 Nd8 42. g5 Kd7 43. Bh3+ Be6 44. Bg2 Bg8 45. Be4 Ne6 46. Bf5 Kc6 47. Kg4
Nxf4 48. Kxf4 Kxd6 49. Bc2 Kd5 50. Ke3 Kc5 51. Bb1 Kb4 52. Bc2 Kc3 53. Bb1 Kb2
54. Bf5 c3 55. Kd4 c2 56. Bxc2 Kxc2 0-1

[Event "43. Olimpiada Batumi 2018 Femenina"]
[Site "Batumi GEO"]
[Date "2018.09.26"]
[Round "3.3"]
[White "Hotami, Mutriba"]
[Black "Miller, Rachel"]
[Result "1-0"]
[WhiteElo "1840"]
[BlackElo "1859"]
[PlyCount "188"]
[EventDate "2018.09.24"]
[EventType "team-swiss"]
[EventRounds "11"]
[EventCountry "GEO"]
[SourceTitle "Ajedrez en Madrid"]
[Source "lmi"]
[SourceDate "2018.09.24"]
[WhiteTeam "Tajikistan"]
[BlackTeam "Jamaica"]
[WhiteTeamCountry "TJK"]
[BlackTeamCountry "JAM"]

1. e4 e5 2. Nf3 Nc6 3. Bc4 Bc5 4. c3 Nf6 5. d3 a6 6. Bb3 Ba7 7. Nbd2 O-O 8. h3
d5 9. Qe2 Re8 10. Nf1 dxe4 11. dxe4 Na5 12. Bc2 Qd6 13. Ng3 Be6 14. Nh4 Rad8
15. Nhf5 Qc6 16. Qf3 Nc4 17. O-O Nd2 18. Bxd2 Rxd2 19. Rac1 Bc4 20. Bb3 Bxb3
21. axb3 Rxb2 22. Rcd1 Nd7 23. Rxd7 Rxf2 24. Rxf2 Bxf2+ 25. Kh1 Qe6 26. Rd3 Ba7
27. Qg4 g6 28. Nh6+ Kg7 29. Qxe6 Rxe6 30. Ng4 h5 31. Ne3 h4 32. Ne2 Rf6 33. Ng1
Rf4 34. Nf3 Rxe4 35. Nf1 Rf4 36. Rd1 e4 37. Nd4 c5 38. Ne2 Rf2 39. Re1 b5 40.
c4 Bb8 41. Kg1 Rf6 42. cxb5 axb5 43. Nc3 c4 44. bxc4 Ba7+ 45. Kh2 bxc4 46. Nd2
Re6 47. Ne2 f5 48. Nxc4 f4 49. Rb1 Bf2 50. Nd2 f3 51. Nc3 Bg3+ 52. Kg1 e3 53.
Nxf3 e2 54. Ne1 Re3 55. Nd5 Re5 56. Nc3 Re3 57. Nb5 Re5 58. Nd4 Kh6 59. Ndf3
Re7 60. Nd3 Rd7 61. Nf2 g5 62. Rb6+ Kg7 63. Rb1 Re7 64. Ne1 Be5 65. Nf3 Bf4 66.
Ng4 Bd6 67. Rc1 Bb8 68. Ne1 Ba7+ 69. Nf2 Kh6 70. Ned3 Bd4 71. Rc6+ Kg7 72. Rc1
Kf6 73. Ne1 Kf5 74. Ned3 Kg6 75. Rc6+ Kg7 76. Rc1 Kg6 77. Rb1 Bc3 78. Ne1 Bd4
79. Nc2 Bc3 80. Nd3 Ba5 81. Kf2 Bc7 82. Kf3 Bg3 83. Rb6+ Kh7 84. Nce1 Kg7 85.
Kg4 Rd7 86. Kf3 Rxd3+ 87. Nxd3 e1=Q 88. Nxe1 Bxe1 89. Kg4 Bd2 90. Kf5 Kh7 91.
Rg6 Be3 92. Rxg5 Kh6 93. Rg6+ Kh7 94. Rg4 Bf2 1-0

[Event "43. Olimpiada Batumi 2018 Femenina"]
[Site "Batumi GEO"]
[Date "2018.09.26"]
[Round "3.4"]
[White "Williams, Margoe"]
[Black "Abrorova, Sabrina"]
[Result "0-1"]
[WhiteElo "1617"]
[BlackElo "1685"]
[PlyCount "102"]
[EventDate "2018.09.24"]
[EventType "team-swiss"]
[EventRounds "11"]
[EventCountry "GEO"]
[SourceTitle "Ajedrez en Madrid"]
[Source "lmi"]
[SourceDate "2018.09.24"]
[WhiteTeam "Jamaica"]
[BlackTeam "Tajikistan"]
[WhiteTeamCountry "JAM"]
[BlackTeamCountry "TJK"]

1. d4 Nf6 2. Bf4 g6 3. Nc3 Bg7 4. e4 d6 5. Qd2 O-O 6. Nf3 Nbd7 7. O-O-O c6 8.
Bh6 Qc7 9. h4 b5 10. Bd3 b4 11. Ne2 Bxh6 12. Qxh6 Ng4 13. Qg5 Nxf2 14. h5 Nxh1
15. Rxh1 Re8 16. hxg6 fxg6 17. e5 Nf8 18. Nf4 e6 19. Nxg6 Qg7 20. Nxf8 Qxg5+
21. Nxg5 Kxf8 22. Rxh7 dxe5 23. dxe5 Rb8 24. Rxa7 Re7 25. Nh7+ Ke8 26. Nf6+ Kd8
27. Ra5 Rg7 28. Be4 Rb5 29. Ra8 Rxe5 30. Bxc6 Rc5 31. Bf3 Rgc7 32. Be4 Ke7 33.
Ng4 Rc4 34. Nf2 Bb7 35. Bxb7 Rxc2+ 36. Kd1 Rxf2 37. Bf3 Rxb2 38. Be4 Rd7+ 39.
Ke1 Rdd2 40. Bf3 Rxa2 41. Rxa2 Rxa2 42. Kd1 Kf6 43. Kc1 Kf5 44. Bc6 Kf4 45. Kb1
Rf2 46. Bd7 e5 47. g4 e4 48. Ka1 e3 49. Bf5 e2 50. Bb1 e1=Q 51. g5 Qc3# 0-1

[Event "43. Olimpiada Batumi 2018 Femenina"]
[Site "Batumi GEO"]
[Date "2018.09.26"]
[Round "3.1"]
[White "Yazji, Mada"]
[Black "Assa, Oluwaseun"]
[Result "1/2-1/2"]
[WhiteElo "1726"]
[BlackElo "1881"]
[PlyCount "125"]
[EventDate "2018.09.24"]
[EventType "team-swiss"]
[EventRounds "11"]
[EventCountry "GEO"]
[SourceTitle "Ajedrez en Madrid"]
[Source "lmi"]
[SourceDate "2018.09.24"]
[WhiteTeam "Syria"]
[BlackTeam "Nigeria"]
[WhiteTeamCountry "SYR"]
[BlackTeamCountry "NGR"]

1. e4 e5 2. Nf3 d6 3. Bc4 Be7 4. O-O Nc6 5. d3 Bg4 6. c3 Nf6 7. h3 Bh5 8. Nbd2
O-O 9. Re1 Na5 10. Bb3 Nxb3 11. Qxb3 Rb8 12. d4 Nd7 13. g4 Bg6 14. Nf1 Kh8 15.
Ng3 f6 16. Nf5 Bf7 17. Qc2 c5 18. d5 g6 19. Nxe7 Qxe7 20. c4 f5 21. Bh6 Rfe8
22. exf5 gxf5 23. Qxf5 Bg6 24. Qg5 b5 25. cxb5 Rxb5 26. b3 Qxg5 27. Nxg5 Nf6
28. Nf3 Bf7 29. Nh4 Nxd5 30. Nf5 Rb6 31. Rad1 Kg8 32. Bg5 Be6 33. Rxd5 Bxd5 34.
Ne7+ Rxe7 35. Bxe7 Bf3 36. Rc1 Kf7 37. Bg5 Ke6 38. Kh2 Rc6 39. Be3 Kd5 40. Kg3
e4 41. Rc2 a6 42. Kf4 Ke6 43. Kg3 Rc8 44. Rd2 d5 45. Rc2 c4 46. bxc4 Rxc4 47.
Rd2 a5 48. Kf4 a4 49. Rd4 Be2 50. h4 Rxd4 51. Bxd4 Bb5 52. h5 Kf7 53. a3 Be2
54. Kf5 Bb5 55. g5 Be2 56. g6+ hxg6+ 57. hxg6+ Kg8 58. Ke6 Bc4 59. Kd6 Bb3 60.
Kc5 Kf8 61. Kd6 Kg8 62. Ke6 Ba2 63. Kd6 1/2-1/2

[Event "43. Olimpiada Batumi 2018 Femenina"]
[Site "Batumi GEO"]
[Date "2018.09.26"]
[Round "3.2"]
[White "Chukwuemeka-Ehirim, Chinyere"]
[Black "Alkaseer, Roaa"]
[Result "0-1"]
[WhiteElo "1871"]
[BlackElo "1708"]
[PlyCount "168"]
[EventDate "2018.09.24"]
[EventType "team-swiss"]
[EventRounds "11"]
[EventCountry "GEO"]
[SourceTitle "Ajedrez en Madrid"]
[Source "lmi"]
[SourceDate "2018.09.24"]
[WhiteTeam "Nigeria"]
[BlackTeam "Syria"]
[WhiteTeamCountry "NGR"]
[BlackTeamCountry "SYR"]

1. Nf3 Nf6 2. d4 e6 3. a3 b6 4. e3 Bb7 5. Nbd2 d6 6. c4 Nbd7 7. Be2 Be7 8. O-O
O-O 9. b4 Re8 10. Bb2 Bf8 11. Re1 c5 12. b5 h6 13. h3 e5 14. d5 e4 15. Nh2 Ne5
16. Ng4 Nfxg4 17. Bxg4 Nd3 18. Qc2 Nxe1 19. Rxe1 Qe7 20. Bf5 Bc8 21. Bxe4 Qh4
22. Bh7+ Kh8 23. Bf5 Qh5 24. Bxc8 Raxc8 25. Nf1 Kg8 26. Ng3 Qg5 27. Qf5 Qxf5
28. Nxf5 g6 29. Ng3 Bg7 30. Bxg7 Kxg7 31. h4 h5 32. f3 f5 33. Kf2 Re7 34. Ne2
Rcc7 35. Nf4 Rcd7 36. a4 Kf6 37. Ra1 Rd8 38. Re1 Rde8 39. Re2 Kf7 40. g3 Kf6
41. Nh3 a6 42. Ng5 axb5 43. axb5 Ra8 44. e4 Ra4 45. Rc2 Ke5 46. Ke3 Ra3+ 47.
Kd2 Kd4 48. Ne6+ Ke5 49. f4+ Kf6 50. exf5 Kxf5 51. Rc3 Ra2+ 52. Ke3 Kg4 53. Ke4
Re2+ 54. Kd3 Rg2 55. Ke4 Rxg3 56. Rxg3+ Kxg3 57. f5 gxf5+ 58. Kxf5 Kxh4 59. Kf6
Ra7 60. Nf8 Kg4 61. Ke6 h4 62. Kxd6 h3 63. Kc6 h2 64. Kxb6 Rf7 65. Ne6 h1=Q 66.
Kxc5 Qg1+ 67. Kc6 Qa7 68. b6 Qb7+ 69. Kc5 Rf6 70. Kb5 Rf5 71. Nc7 Rf7 72. Ne6
Kf5 73. Nd8 Qd7+ 74. Nc6 Ke4 75. Kc5 Rf5 76. Nb4 Re5 77. Na6 Qc8+ 78. Nc7 Qb7
79. Kb5 Kd4 80. Ne6+ Rxe6 81. dxe6 Qc8 82. e7 Qxc4+ 83. Ka5 Kc5 84. e8=Q Qb4+
0-1

[Event "43. Olimpiada Batumi 2018 Femenina"]
[Site "Batumi GEO"]
[Date "2018.09.26"]
[Round "3.3"]
[White "Mahmoud, Roula"]
[Black "Akintoye, Deborah"]
[Result "1-0"]
[WhiteElo "1795"]
[BlackElo "1853"]
[PlyCount "37"]
[EventDate "2018.09.24"]
[EventType "team-swiss"]
[EventRounds "11"]
[EventCountry "GEO"]
[SourceTitle "Ajedrez en Madrid"]
[Source "lmi"]
[SourceDate "2018.09.24"]
[WhiteTeam "Syria"]
[BlackTeam "Nigeria"]
[WhiteTeamCountry "SYR"]
[BlackTeamCountry "NGR"]

1. e4 e5 2. Nf3 Nc6 3. d4 exd4 4. Nxd4 Qe7 5. Nc3 Nf6 6. Ndb5 d6 7. Bg5 Be6 8.
Be2 a6 9. Nd4 g6 10. f4 Nxd4 11. Qxd4 Bg7 12. e5 dxe5 13. fxe5 Qd7 14. Qb4 Nd5
15. Nxd5 Bxd5 16. Bg4 Be6 17. Rd1 Bf8 18. Qxb7 Qc8 19. Qc6+ 1-0

[Event "43. Olimpiada Batumi 2018 Femenina"]
[Site "Batumi GEO"]
[Date "2018.09.26"]
[Round "3.4"]
[White "Ogbiyoyo, Perpetual Eloho"]
[Black "Khalil, Manar"]
[Result "1-0"]
[WhiteElo "1830"]
[BlackElo "1797"]
[PlyCount "53"]
[EventDate "2018.09.24"]
[EventType "team-swiss"]
[EventRounds "11"]
[EventCountry "GEO"]
[SourceTitle "Ajedrez en Madrid"]
[Source "lmi"]
[SourceDate "2018.09.24"]
[WhiteTeam "Nigeria"]
[BlackTeam "Syria"]
[WhiteTeamCountry "NGR"]
[BlackTeamCountry "SYR"]

1. e4 c5 2. Nc3 e6 3. f4 Nc6 4. Nf3 d6 5. Bb5 Nf6 6. Bxc6+ bxc6 7. O-O d5 8. e5
Nd7 9. d3 Be7 10. Ne2 Ba6 11. Qe1 O-O 12. Kh1 c4 13. d4 c5 14. c3 cxd4 15.
Nexd4 Bb7 16. Qg3 Kh8 17. f5 Nc5 18. Be3 Qd7 19. Qh3 exf5 20. Nxf5 Ne4 21. Bd4
f6 22. Nxe7 Qxe7 23. exf6 Nxf6 24. Ng5 h6 25. Rae1 Ne4 26. Qxh6+ Kg8 27. Qh7#
1-0

[Event "43. Olimpiada Batumi 2018 Femenina"]
[Site "Batumi GEO"]
[Date "2018.09.26"]
[Round "3.1"]
[White "dos Ramos, Rosangela"]
[Black "February, Jesse Nikki"]
[Result "1/2-1/2"]
[WhiteElo "1788"]
[BlackElo "1933"]
[PlyCount "128"]
[EventDate "2018.09.24"]
[EventType "team-swiss"]
[EventRounds "11"]
[EventCountry "GEO"]
[SourceTitle "Ajedrez en Madrid"]
[Source "lmi"]
[SourceDate "2018.09.24"]
[WhiteTeam "Surinam"]
[BlackTeam "South Africa"]
[WhiteTeamCountry "SUR"]
[BlackTeamCountry "RSA"]

1. e4 e6 2. d3 c5 3. Nf3 Nc6 4. g3 g6 5. Bg2 Bg7 6. O-O Nge7 7. c3 e5 8. a3 d6
9. b4 a6 10. Nbd2 O-O 11. Nc4 h6 12. Rb1 b5 13. Ne3 Be6 14. Bd2 Rc8 15. a4 cxb4
16. cxb4 Qd7 17. axb5 axb5 18. Nc2 f5 19. Na3 Nd8 20. Qe2 g5 21. Rfc1 Rxc1+ 22.
Rxc1 f4 23. Ne1 g4 24. Bf1 h5 25. Nec2 h4 26. Be1 Bh6 27. Ra1 hxg3 28. fxg3 f3
29. Qf2 d5 30. d4 dxe4 31. Bxb5 Ndc6 32. dxe5 Nd5 33. Nc4 Rb8 34. Bxc6 Qxc6 35.
N4e3 Nxe3 36. Nxe3 Qb6 37. Bd2 Rd8 38. Re1 Rd3 39. Bc1 Qxb4 40. Nc2 Qf8 41.
Bxh6 Qxh6 42. Ne3 Bb3 43. Nxg4 Qe6 44. Nf6+ Kh8 45. Nxe4 Qxe5 46. Nc5 Rd1 47.
Rxd1 Bxd1 48. Nd3 Qd6 49. Ne1 Qd5 50. Qe3 Be2 51. Kf2 Qd1 52. h4 Kg8 53. h5 Kh8
54. Qc3+ Kh7 55. Qc2+ Qxc2 56. Nxc2 Kh6 57. g4 Kg5 58. Ne3 Kh6 59. Nd5 Kg5 60.
Ne3 Kh6 61. Nf1 Kg5 62. Nh2 Bd1 63. Kg3 f2 64. Kxf2 Bxg4 1/2-1/2